|
|
|
|
| LEADER |
00000cam a2200000 7i4500 |
| 001 |
0000002732 |
| 002 |
000002962 |
| 005 |
20080111.0 |
| 020 |
|
|
|a 9624211876
|
| 090 |
0 |
0 |
|a 915.09595
|b SHA
|
| 100 |
0 |
|
|a Shaharil, Talib
|
| 245 |
1 |
0 |
|a Legends of Langkawi
|c text by Shaharil Talib ; Photography by Joseph Lynch
|
| 260 |
|
|
|a Singapore :
|b Apa Publications ,
|c 1994
|
| 300 |
|
|
|a 112p. :
|b ill ;
|c 37cm.
|
| 650 |
0 |
0 |
|a Malays (Asian people)
|x Social life and customs
|
| 651 |
|
0 |
|a Langkawi
|x Description and travel
|
| 700 |
0 |
|
|a Lynch, Joseph
|
| 999 |
|
|
|a 035670
|b BUKU
|c MALAYSIANA
|e PERPUSTAKAAN KOMUNITI PETALING JAYA
|
| 999 |
|
|
|a 053439
|b BUKU
|c MALAYSIANA
|e PERPUSTAKAAN KOMUNITI PETALING JAYA
|